Brownfield sites mapped by GIS (Record no. 71772)
[ view plain ]
| 000 -LEADER | |
|---|---|
| fixed length control field | 01113cam a2200217 4500 |
| 001 - CONTROL NUMBER | |
| control field | WB3901-13 |
| 008 - FIXED-LENGTH DATA ELEMENTS--GENERAL INFORMATION | |
| fixed length control field | 021216n2002 000 0 eng u |
| 035 ## - SYSTEM CONTROL NUMBER | |
| System control number | (Sirsi) u120784 |
| 245 ## - TITLE STATEMENT | |
| Title | Brownfield sites mapped by GIS |
| 260 ## - PUBLICATION, DISTRIBUTION, ETC. | |
| Date of publication, distribution, etc. | 2002 |
| 490 ## - SERIES STATEMENT | |
| Series statement | RICS Geomatics Faculty News |
| Volume/sequential designation | 16 December 2002 (1) |
| 520 ## - SUMMARY, ETC. | |
| Summary, etc. | A new study commissioned by English Partnerships identifies England's long term brownfield sites. The study found that 2 200 sites of previously developed brownfield landd in England have remained derelict or vacant for nearly 10 years and are classed as 'hardcore' brownfield sites. The EP study used GIS data collected by 98% of all local authorities and fed into the National Land Use Database (NLUD). For the RICS Geomatics faculty news http://www.rics.org/ricscms/bin/show?class=News&template=/includes/shownews.html&id=4443&faculty=Geomatics&faculty=All Faculties |
| 590 ## - LOCAL NOTE (RLIN) | |
| Local note | Wb |
| 650 ## - SUBJECT ADDED ENTRY--TOPICAL TERM | |
| Topical term or geographic name entry element | GIS |
| 650 ## - SUBJECT ADDED ENTRY--TOPICAL TERM | |
| Topical term or geographic name entry element | ENGLISH PARTNERSHIPS |
| 650 ## - SUBJECT ADDED ENTRY--TOPICAL TERM | |
| Topical term or geographic name entry element | BROWNFIELD LAND |
| 650 ## - SUBJECT ADDED ENTRY--TOPICAL TERM | |
| Topical term or geographic name entry element | NATIONAL LAND USE DATABASE |
| 650 ## - SUBJECT ADDED ENTRY--TOPICAL TERM | |
| Topical term or geographic name entry element | REGENERATION |
| 690 ## - LOCAL SUBJECT ADDED ENTRY--TOPICAL TERM (OCLC, RLIN) | |
| Topical term or geographic name as entry element | Geomatics |
| 9 (RLIN) | 6242 |
| 942 ## - ADDED ENTRY ELEMENTS (KOHA) | |
| Suppress in OPAC | 0 |
| Withdrawn status | Lost status | Source of classification or shelving scheme | Damaged status | Not for loan | Home library | Current library | Shelving location | Date acquired | Total Checkouts | Full call number | Barcode | Date last seen | Copy number | Price effective from | Koha item type |
|---|---|---|---|---|---|---|---|---|---|---|---|---|---|---|---|
| Dewey Decimal Classification | London | London | News article | 16/12/2002 | WB3901-13 | 120784-1001 | 06/08/2019 | 1 | 06/08/2019 | Journal article |